Statistique de lexploitation (Record no. 9520)

000 -LEADER
fixed length control field 00256nam a22001217a 4500
040 ## - CATALOGING SOURCE
Transcribing agency SK
082 ## - DEWEY DECIMAL CLASSIFICATION NUMBER
Classification number 519
100 ## - MAIN ENTRY--AUTHOR NAME
Personal name ENG LENG; អេង លេង
245 ## - TITLE STATEMENT
Title Statistique de lexploitation
260 ## - PUBLICATION, DISTRIBUTION, ETC. (IMPRINT)
Place of publication RUA
Name of publisher ENG
Year of publication 2000
300 ## - PHYSICAL DESCRIPTION
Number of Pages 82p.
942 ## - ADDED ENTRY ELEMENTS (KOHA)
Koha item type សៀវភៅភាសាខ្មែរ
952 ## - LOCATION AND ITEM INFORMATION (KOHA)
Withdrawn status [LOCAL, KOHA] 0
Holdings
Permanent Location Date acquired Koha item type Lost status Shelving location Barcode Current Location Full call number
Library Block C2016-09-02សៀវភៅភាសាខ្មែរ C164RUA045067Library Block C519 ENG 2000 C164
មជ្ឈមណ្ឌលឯការនៃសាកលវិទ្យាល័យភូមិន្ទកសិកម្មចំការដូង

Powered by Koha